01469nam a2200181Ia 4500001001300000003001000013008004100023040002500064041000700089100001900096245009000115250001100205260002900216300001200245500094300257650006501200700002201265b6621-47577 IT-MiCISF161014s9999||||xx |||||||||||||| ||und|| aIT-MiCISFcIT-MiCISF ait aMariani Ulisse 0aMio figlio mi legge nel pensierobRealizzare la sintonia emotiva tra genitori e figli a1a ed. a MilanobMondadoric2009 app. 274 a / genitorialità, figli-piccoli, rapporti-genitori-figli, maternità, paternità, educazione-bambini, educazione-genitori / E' un libro che affronta i più recenti e avanzati studi nel campo della psicologia dello sviluppo e della neurofisiologia. Il testo infatti si basa sulla rivoluzionaria scoperta del funzionamento di una nuova classe di neuroni, detti "specchio", che insieme ad altri centri nervosi permettono ai bambini, sin da piccolissimi, di sintonizzarsi sugli stati emotivi di chi li accudisce, intuendone le intenzioni. Con queste "antenne" sembra proprio che i piccoli riescano quasi a leggere nel pensiero dei genitori. Una scoperta in grado di sconvolgere la relazione genitore-figlio. In che modo? Gli AA. ce lo spiegano con stile chiaro e appassionante, in un volume che intende essere un manuale per guidare le mamme e i papa in tutte le fasi di vita del loro bambino, dal concepimento all'ingresso nella scuola. a Genitorialità e problemi educativi / genitorialitàe004 aSchiralli Rosanna